000 00595nam a2200181 a 4500
005 20140310183429.0
008 080108s19uu xx 00 eng d
020 _a1412912806
050 _aP 101
_b.Sa129 2006
100 _aSage, Rosemary
245 _aSupporting language and communication :
_ba guide for school support staff. /
_cRosemary Sage
260 _aLondon :
_bPaul Chapman Publishing,
_c2006.
300 _a120 p. :
_b
_c23 cm.
650 _aLanguage and languages
_xStudy and teaching.
650 _aCommunication
_xStudy and teaching.
942 _cBK
_2lcc
_kFOR
999 _c22704
_d22704